Name the Pokémon City #4 - Statistics

General Stats
  • This quiz has been taken 15 times
  • The average score is 10 of 16
Answer Stats
Picture Answer % Correct
Cinnabar Island
91%
Icirrus City
91%
Mossdeep City
91%
Black City
82%
Striaton City
82%
Verdanturf City
82%
Pastoria City
73%
Stow-on-Side
64%
Violet City
64%
Heahea City
55%
Motostoke
55%
Turffield
55%
Cascarrafa
45%
Seafolk Village
45%
Floccesy Town
36%
Cabo Poco
27%
No matching quizzes found
Score Distribution
Percent of People with Each Score
Percentile by Number Answered
Your Score History
You have not taken this quiz